Statistics for Elements which are not in Tom Lehrer's "The Elements"

Click here to take the quiz!

General Stats

  • This quiz has been taken 332 times
  • The average score is 13 of 16

Answer Stats

HintAnswer% Correct
LrLawrencium
92%
RfRutherfordium
92%
BhBohrium
88%
DbDubnium
88%
SgSeaborgium
87%
HsHassium
86%
RgRoentgenium
83%
LvLivermorium
81%
CnCopernicium
78%
MtMeitnerium
78%
DsDarmstadtium
75%
FlFlerovium
73%
UuoUnunoctium
67%
UupUnunpentium
67%
UusUnunseptium
67%
UutUnuntrium
61%

Score Distribution

Percentile by Number Answered

Percent of People with Each Score

Your Score History

You have not taken this quiz